Представление документа в формате MARC21

Поле Инд. ПП Название Значение
Тип записи a
Библиографический уровень m
001 Контрольный номер c44cb885-7ffd-4d3c-a117-f27fd6ccef07
005 Дата корректировки 20131111134459.4
008 Кодируемые данные 000328 d
020 a ISBN 5-253-00289-8
c Цена, тираж 26-00
080 a Индекс УДК 613.95
084 a Индекс другой классификации/Индекс ББК Р128.91
090 a Полочн. индекс Р128.9
x Авторский знак С73
c Каталожный индекс Р128.9
100 1_ a Автор Спок Бенджамин
245 00 a Заглавие Ребенок и уход за ним
c Ответственность Пер.с англ. Н.А. Перовой; Вступ. ст. Ю.П. Азарова; Ил. Е.М. Борисовой
260 0_ a Место издания Москва
b Издательство Пресса
c Дата издания 1992
300 a Объем 606,[1] c.
b Иллюстрации/ тип воспроизводства ил.
650 a Основная рубрика Дети
x Основная подрубрика Воспитание в семье
x Основная подрубрика Гигиена
x Основная подрубрика Здоровье
650 a Основная рубрика Семейное воспитание
653 a Ключевые слова Воспитание детей
a Ключевые слова Гигиена детей
a Ключевые слова Дети
a Ключевые слова Уход за детьми
852 p Инвентарный номер 635401
t Порядковый номер экземпляра 1
999 a Подразделение 2 Фил3